Aktuálne problémy SR v súvislosti so zavedením eura bakalárska práca

Na minha lista:
Detalhes bibliográficos
Autor principal: Jasenáková, Zuzana
Autor Corporativo: Národohospodárska fakulta EU. Katedra hospodárskej politiky
Outros Autores: Veselovská, Stanislava, 1957-
Formato: Livro
Idioma:eslovaco
Publicado em: Bratislava 2009
Tags: Adicionar Tag
Sem tags, seja o primeiro a adicionar uma tag!

MARC

LEADER 00000nam$a2200000$$$4500
001 0099049
005 20240319123736.7
041 0 |a slo 
044 |a SK 
245 1 0 |a Aktuálne problémy SR v súvislosti so zavedením eura  |b bakalárska práca  |c Zuzana Jasenáková ; Stanislava Veselovská 
264 1 |a Bratislava  |c 2009 
300 |a 46 s. 
100 1 |a Jasenáková, Zuzana 
700 1 |a Veselovská, Stanislava, 1957- 
710 2 |a Národohospodárska fakulta EU. Katedra hospodárskej politiky